Správa a řízení podniku

Rozdiel medzi správou a riadením podniku. Dvojaké vedenie v podnikoch. Americký a nemecký model správy podniku. Správna činnosť - správa kapitálu, ktorý vlastníci vložili do podniku, jeho ochrana a zhodnocovanie. Funkcie správnej rady.

Gespeichert in:
Bibliographische Detailangaben
1. Verfasser: Jirásek, J.
Format: Buchkapitel
Sprache:Tschechisch
Schlagworte:
Tags: Tag hinzufügen
Keine Tags, Fügen Sie das erste Tag hinzu!

MARC

LEADER 00000naa a2200000 4500
001 r001014
005 20221213082548.1
041 0 |a cze 
044 |a CZ 
245 1 0 |a Správa a řízení podniku  |c J. Jirásek 
520 |a Rozdiel medzi správou a riadením podniku. Dvojaké vedenie v podnikoch. Americký a nemecký model správy podniku. Správna činnosť - správa kapitálu, ktorý vlastníci vložili do podniku, jeho ochrana a zhodnocovanie. Funkcie správnej rady. 
610 2 0 |a vedenie 
610 2 0 |a riadenie podnikové 
610 2 0 |a rady správne 
610 2 0 |a rady dozorné 
100 1 |a Jirásek, J.